Oral Manifestations of HIV Infeection / (Record no. 40296)

MARC details
000 -LEADER
fixed length control field 00604pam a2200217 a 4500
020 ## - INTERNATIONAL STANDARD BOOK NUMBER
Terms of availability 2964.00 (Paper Binding)
040 ## - CATALOGING SOURCE
Original cataloging agency Dental College Lib
041 ## - LANGUAGE CODE
Language code of text/sound track or separate title eng
Language code of original
082 ## - DEWEY DECIMAL CLASSIFICATION NUMBER
Classification number 617.522
Item number GRE
100 ## - MAIN ENTRY--PERSONAL NAME
Personal name Greenspan, John S.
245 ## - TITLE STATEMENT
Title Oral Manifestations of HIV Infeection /
Statement of responsibility, etc. .
Medium Textual Documents
250 ## - EDITION STATEMENT
Edition statement 1st ed /
Remainder of edition statement .
260 ## - PUBLICATION, DISTRIBUTION, ETC.
Place of publication, distribution, etc. London :
Name of publisher, distributor, etc. Quintessence Publishing Co, Inc ,
Date of publication, distribution, etc. 1995.
300 ## - PHYSICAL DESCRIPTION
Extent 542 ;
Dimensions 31x22.
365 ## - TRADE PRICE
Price type code 2964.00
653 ## - INDEX TERM--UNCONTROLLED
Uncontrolled term Oral Surgery
700 ## - ADDED ENTRY--PERSONAL NAME
Personal name Greenspan, Deborah.
930 ## - EQUIVALENCE OR CROSS-REFERENCE-UNIFORM TITLE HEADING [LOCAL, CANADA]
Uniform title 893
Holdings
Withdrawn status Lost status Damaged status Not for loan Collection Home library Current library Date acquired Cost, normal purchase price Total Checkouts Full call number Barcode Date last seen Copy number Price effective from Koha item type
          Dental College & Hospital, Pune Dental College & Hospital, Pune 01/01/1900 2964.00   617.522 GRE DCP-1376 24/02/2023 1 24/02/2023 Book